000 00935nam a2200265 i 4500
001 10985
003 KOSZ 005
005 20210611141756.0
008 080817s1962 pl a f f 000 0 pol
015 _aPB 1963/177
040 _aWA N
_cWA N
_dKOSZ 005/RW
_dKOSZ 005/HR
046 _k1962
080 _a528
100 1 _aKoronowski, Ryszard
_d(1927-1968).
_eAutor
245 1 0 _aMetody obliczeń geodezyjnych /
_cRyszard Koronowski.
260 _aWarszawa :
_bPaństwowe Przedsiębiorstwo Wydawnictw Kartograficznych,
_c1962.
300 _a405, [1] s. :
_bil., err. ;
_c24 cm.
380 _aKsiążki
504 _aBibliogr. s. 400.
650 4 _aGeodezja
658 _aGeografia i nauki o Ziemi
710 2 _aPaństwowe Przedsiębiorstwo Wydawnictw Kartograficznych
_4pbl.
856 _uhttp://koha.tu.koszalin.pl/cgi-bin/koha/opac-detail.pl?biblionumber=10985
_yKatalog online BPK
942 _2UKD
_cKS
999 _c10985
_d10985